Największe miasta na Węgrzech - Statystyki

Ogólne statystyki
  • Ten quiz został rozwiązany 488 razy
  • Średni wynik to 7 z 20
Statystyki odpowiedzi
Ludność Miasto % Poprawnych
1 740 041 Budapeszt
100%
207 594 Debreczyn
72%
166 823 Miszkolc
59%
131 564 Győr
58%
170 052 Segedyn
56%
156 801 Pecz
54%
101 722 Székesfehérvár
37%
56 166 Eger
34%
117 568 Nyíregyháza
29%
79 348 Szombathely
29%
64 024 Veszprém
29%
61 390 Sopron
24%
74 341 Szolnok
24%
114 226 Kecskemét
23%
70 003 Tatabánya
21%
67 686 Kaposvár
16%
61 849 Zalaegerszeg
15%
65 277 Érd
13%
49 302 Nagykanizsa
13%
63 752 Békéscsaba
11%
Nie znaleziono quizów pasujących do podanych kryteriów
Rozkład punktacji
Procent ludzi z każdym wynikiem
Percentyl według liczby udzielonych odpowiedzi
Twoja historia wyników
Nie rozwiązałeś tego quizu